000 00313nam a22001337a 4500
008 220209b ||||| |||| 00| 0 eng d
020 _a9780834125230
050 _a248.843
_b1
100 _aFlaaten Rosemary
_97538
245 _aA Women and Her Workplace
260 _aUSA
300 _a190.P
942 _2ddc
_cBK
999 _c11975
_d11975